Faces of Japan : 23 critical essays

The purpose of the essays making up this book is to discuss some of the more provocative Japanese customs and characteristics which are often misunderstood by Westerners, bringing out the particular Japanese values and standards that apply to each of the subjects concerned.

Сохранить в:
Библиографические подробности
Главный автор: Mente, Boye de
Формат:
Язык:Undetermined
Опубликовано: [Tokyo] Simpson Doyle & Co. 1966
Предметы:
Метки: Добавить метку
Нет меток, Требуется 1-ая метка записи!
Thư viện lưu trữ: Trung tâm Học liệu Trường Đại học Cần Thơ
LEADER 00799nam a2200205Ia 4500
001 CTU_113243
008 210402s9999 xx 000 0 und d
082 |a 952 
082 |b M549 
100 |a Mente, Boye de 
245 0 |a Faces of Japan : 
245 0 |b 23 critical essays 
245 0 |c Boye de Mente 
260 |a [Tokyo] 
260 |b Simpson Doyle & Co. 
260 |c 1966 
520 |a The purpose of the essays making up this book is to discuss some of the more provocative Japanese customs and characteristics which are often misunderstood by Westerners, bringing out the particular Japanese values and standards that apply to each of the subjects concerned. 
650 |a National characteristics, japanese 
904 |i Minh 
980 |a Trung tâm Học liệu Trường Đại học Cần Thơ